Payawar Dhonda : Paryawarnawaril Sankat (Record no. 17719)

MARC details
000 -LEADER
fixed length control field 00410nam a2200145Ia 4500
008 - FIXED-LENGTH DATA ELEMENTS--GENERAL INFORMATION
fixed length control field 220803s9999 xx 000 0 und d
041 ## - LANGUAGE CODE
Language code of text/sound track or separate title eng
082 ## - DEWEY DECIMAL CLASSIFICATION NUMBER
Classification number 729 MAN
100 ## - MAIN ENTRY--PERSONAL NAME
Personal name Mandke S
9 (RLIN) 27799
245 ## - TITLE STATEMENT
Title Payawar Dhonda : Paryawarnawaril Sankat
260 ## - PUBLICATION, DISTRIBUTION, ETC. (IMPRINT)
Place of publication, distribution, etc. Pune
Name of publisher, distributor, etc. Bhartiya Vichar Sadhana Pune Prakashan
Date of publication, distribution, etc. 2004
300 ## - PHYSICAL DESCRIPTION
Extent 40p
650 ## - SUBJECT ADDED ENTRY--TOPICAL TERM
Topical term or geographic name as entry element Environmental Architecture
9 (RLIN) 27800
700 ## - ADDED ENTRY--PERSONAL NAME
Personal name Mandke S.
9 (RLIN) 27799
Holdings
Withdrawn status Lost status Damaged status Not for loan Home library Current library Shelving location Date acquired Total Checkouts Full call number Barcode Date last seen Bill Date Koha item type Original Barcode
        Dr. Bhanuben Nanavati College of Architecture Dr. Bhanuben Nanavati College of Architecture   05/02/2009   729 MAN BNCA-DB-166 03/08/2022 03/08/2022 Donated Book DB000166